Populus nigra network : Report of the fifth meeting, 5-8 May 1999, Kyiv, Ukraine

Bibliographic Details
Corporate Authors: MEETING on Populus Nigra Network, European Forest Genetic Resources Programme, International Plant Genetic Resources Institute (IPGRI)
Other Authors: Turok
Format: Book
Published: Rome, Italy : IPGRI , 1999
Subjects:

MARC

LEADER 00000cam a2200000 7i4500
001 0000001339
005 20140420.0
020 0 0 |a 9290434317 
090 0 0 |a 634.9723   |b MEE 1999 
110 1 0 |a MEETING on Populus Nigra Network   |i 5th   |k 1999   |j Kyiv, Ukraine 
245 1 0 |a Populus nigra network :   |b Report of the fifth meeting, 5-8 May 1999, Kyiv, Ukraine   |c J. Turok ... (et al.), compilers 
260 0 0 |a Rome, Italy :   |b IPGRI ,   |c 1999 
300 |a iv, 88 p. :   |b ill. maps ;   |c 30 cm. 
500 0 0 |a Bibliography : [p. 77-84] 
650 0 0 |a Black poplar   |x Germplasm resources   |x Congresses 
650 0 0 |a Germplasm resources, Plant   |x Congresses 
700 0 1 |a Turok   |h J. 
710 1 1 |a European Forest Genetic Resources Programme 
710 1 1 |a International Plant Genetic Resources Institute (IPGRI) 
998 |a JPSM 
999 |a 0000002329   |b Monograph   |c Open Shelf   |e Default branch